Premier League XIs (2012-13) Quiz Stats

 Plays Quiz Updated Apr 26, 2020

Support Sporcle.
Go Orange.
Score 0/220 Timer 20:00
3 Plays Today
% Correct
Wayne Rooney
84.9%
Petr Cech
84.8%
Demba Ba
84%
Robin van Persie
82%
David de Gea
80.8%
Ashley Cole
79.1%
Joe Hart
79%
Fernando Torres
77.5%
Steven Gerrard
77.1%
Rio Ferdinand
76.3%
Luis Suarez
75.5%
Sergio Aguero
75.1%
Tim Howard
74.6%
Theo Walcott
74%
Pepe Reina
73.8%
Vincent Kompany
72.6%
Olivier Giroud
72.2%
Patrice Evra
71.2%
Glen Johnson
71%
Nemanja Vidic
70.9%
Adam Johnson
70.8%
Bradley Johnson
70.8%
Gary Cahill
70.7%
Michael Carrick
70.3%
Yaya Toure
70.1%
Eden Hazard
69.3%
David Silva
68.5%
Rafael Da Silva
68.1%
Branislav Ivanovic
67.7%
Bacary Sagna
67%
Carlos Tevez
66.1%
Leighton Baines
66%
Juan Mata
65.5%
Papiss Cisse
65.2%
Gareth Bale
64.8%
David Luiz
63%
Luis Antonio Valencia
62.7%
Gael Clichy
62.6%
Hugo Lloris
62.5%
Oscar
62.5%
Pablo Zabaleta
62.4%
Per Mertesacker
62.3%
Christian Benteke
62.3%
Billy Jones
61.9%
Daniel Agger
61.7%
Mikel Arteta
61.4%
Tim Krul
61%
Kieran Gibbs
61%
Martin Skrtel
60.7%
Aaron Ramsey
60.2%
Lukas Podolski
59.5%
Santi Cazorla
59.5%
Jermain Defoe
59.5%
Ramires
59.4%
Gareth Barry
58.9%
Brad Guzan
58.2%
Andy Carroll
57.7%
Peter Crouch
57.3%
Dimitar Berbatov
57.1%
Phil Jagielka
56.8%
Thomas Vermaelen
55%
Michu
54.8%
Marouane Fellaini
54.3%
Samir Nasri
54.2%
Jonny Evans
52.4%
Wojciech Szczesny
52.2%
Jose Enrique
51.5%
Lucas Leiva
51%
Gabriel Agbonlahor
51%
Rickie Lambert
50.9%
Julio Cesar
50.4%
Kyle Walker
49.9%
Stewart Downing
49.4%
Ashley Williams
49.4%
% Correct
Mark Schwarzer
48.8%
Emmanuel Adebayor
48.8%
Steven Fletcher
48.4%
Grant Holt
48.3%
Asmir Begovic
48.1%
Cesar Azpilicueta
47.9%
Yohan Cabaye
47.4%
Seamus Coleman
47.4%
Sylvain Distin
47.3%
Michel Vorm
47.2%
Raheem Sterling
47%
Fabricio Coloccini
46.7%
Leon Osman
46.7%
Simon Mignolet
46.4%
Nikica Jelavic
45.5%
Michael Dawson
45.1%
Joe Allen
45%
Bobby Zamora
45%
Tom Cleverley
44.9%
Jan Vertonghen
44.3%
Clint Dempsey
44%
Aaron Lennon
43.9%
Steven Taylor
43.7%
Ryan Shawcross
43.7%
Ben Foster
43.1%
Adam Lallana
42.3%
Kevin Nolan
41.7%
Brede Hangeland
41.5%
Matija Nastasic
41.5%
Steven Pienaar
41.3%
Moussa Dembele
41.2%
Ali Al Habsi
39.1%
Andreas Weimann
38.6%
Kevin Mirallas
38.3%
John Arne Riise
38.3%
John O'Shea
38.3%
Ron Vlaar
37.5%
Jay Rodriguez
37.1%
Nathan Dyer
36.7%
Robert Huth
36.7%
Ben Davies
36.5%
Shane Long
35.8%
Jonathan Walters
35.6%
Charlie Adam
35%
Damien Duff
34.7%
Mark Noble
34.3%
Artur Boruc
34%
James McCarthy
33.7%
Arouna Kone
32.2%
Ciaran Clark
31.4%
Darron Gibson
30.6%
Davide Santon
30.6%
Jose Bosingwa
30.4%
Clint Hill
30.3%
Bryan Ruiz
30.1%
Cheick Tiote
29.9%
Angel Rangel
29.8%
Nathaniel Clyne
29.8%
Robert Snodgrass
29.7%
Jussi Jaaskelainen
29.7%
Adel Taarabt
29.5%
Pablo Hernandez
29.5%
Jonas Gutierrez
29%
Aaron Hughes
28.8%
Sandro
28.7%
Matthew Lowton
28.6%
Steven Sidwell
28.6%
Danny Rose
28.3%
Wayne Routledge
28.3%
Sebastien Bassong
28.3%
James Collins
27.6%
Chris Brunt
27.4%
Mike Williamson
27.3%
James Morrison
27.2%
% Correct
Leon Britton
26.9%
Jose Fonte
26.4%
Fabian Delph
26.2%
Stephane Sessegnon
26.2%
Chico Flores
26.1%
Wesley Hoolahan
26%
Mark Bunn
25.8%
Jonathan de Guzman
25.8%
Adam Federici
25.7%
Morgan Schneiderlin
25.5%
Winston Reid
25.3%
Jonas Olsson
24.2%
Franco Di Santo
24.1%
Russell Martin
23.7%
Pavel Pogrebnyak
23.7%
Sebastian Larsson
23%
James McArthur
22.8%
Matthew Etherington
22.8%
Ashley Westwood
22.5%
Anthony Pilkington
21.8%
Joe Bennett
21.4%
Glenn Whelan
21.3%
Nathan Baker
20.6%
Shaun Maloney
20.1%
Gary Caldwell
19.7%
Maynor Figueroa
19.6%
Philippe Senderos
19.6%
Jos Hooiveld
19.4%
Maya Yoshida
19.3%
Craig Gardner
19.2%
Armand Traore
19%
Michael Turner
18.7%
Sascha Riether
18.6%
James Tomkins
18.6%
Youssouf Mulumbu
18.3%
Mohamed Diame
18.2%
James Perch
18.2%
Georgios Karagounis
18.1%
Matt Jarvis
18%
Emmerson Boyce
17.9%
David Hoilett
17.9%
Esteban Granero
17.8%
Gareth McAuley
17.7%
Geoff Cameron
17.3%
Jordi Gomez
16.9%
Jonathan Howson
16.8%
Jamie Mackie
16.6%
Steven Nzonzi
16.4%
Jason Puncheon
16.1%
Stephane Mbia
15.2%
Jack Cork
15.1%
Jack Colback
14.4%
Guy Demel
14.1%
Carlos Cuellar
13.9%
Jobi McAnuff
13.8%
Joey O'Brien
13.6%
Ryan Nelsen
13.6%
Ryan Shotton
13.6%
Javier Garrido
13.5%
Claudio Yacob
13.5%
Chris Gunter
13%
Nicky Shorey
12.5%
James McClean
11.9%
Graeme Dorrans
11.4%
Liam Ridgewell
11.3%
Jem Karacan
11.1%
Jimmy Kebe
10.8%
Adrian Mariappa
9.8%
Alex Pearce
9.6%
Danny Guthrie
9.6%
Mikele Leigertwood
8.6%
Jean Beausejour
8.5%

You're not logged in!

Compare scores with friends on all Sporcle quizzes.
OR
Log In

From the Vault

Not One

by jdfulp

One of these things is not like the others, one of these things just doesn't belong. (Now try getting that song out of your head)
Remove Ads.
Support Sporcle.
Get the best of Sporcle when you Go Orange. This ad-free experience offers more features, more stats, and more fun while also helping to support Sporcle. Thank you for becoming a member.

Show Comments

Extras

Top Quizzes Today


Score Distribution

Your Account Isn't Verified!

In order to create a playlist on Sporcle, you need to verify the email address you used during registration. Go to your Sporcle Settings to finish the process.

Report this User

Report this user for behavior that violates our Community Guidelines.

Details: